000 00623nam a22001937a 4500
999 _c172986
_d172986
005 20200612145413.0
010 _aA-279792
020 _c50.00
_a-
035 _aA-279792
037 _bBPPD/Ven.
082 _aک
100 _aر تن نا تھ سر شا ر
245 _aفسا نہء آ ز ا د (جلد سو م) حصہ د و م /
_cر تن نا تھ سر شا ر
246 _aFasana-e-Azad /
_bby Ratan Nath Sershar
260 _aNew Delhi
_c1986 ء
_bTaraqqui Urdu Bureau
270 _aWest Block,8,R.K. Puram New delhi
_bN.Delhi
_e110066
_k-
300 _avp.
_c22cm(Hb)
942 _2ddc
_cUR
_hک
_mر ت ن